| 000 | 00879 a2200229 4500 | ||
|---|---|---|---|
| 001 | 24973 | ||
| 005 | 20260407155532.0 | ||
| 008 | 260407a1987 arg spa d | ||
| 003 | AR-UNSa-BCEJYS | ||
| 040 |
_aAR-UNSa-BCEJYS _bspa _cAR-UNSa-BCEJYS |
||
| 080 |
_a517.5 _xTeoría de funciones |
||
| 245 | 1 | 0 |
_aIntroducción al análisis matemático _pCálculo 2 |
| 020 | _a978-950-02-5281-2 | ||
| 250 | _a3a. ed | ||
| 264 | 1 |
_aBuenos Aires : _bEl Ateneo _c1987 |
|
| 300 |
_a440 p. _c23 cm. |
||
| 505 | _a1. Espacio métrico - 2.Vectores - 3. Campos escalares - 4. Derivadas - 5. Funciones compuestas - 6. Máximos y mínimos - 7. Integración múltiple - 8. La integral como límite - 9. Función vectorial - 10. Integral curvilínea - 11. Ecuaciones diferenciales | ||
| 041 | _aspa | ||
| 942 | _cBK | ||
| 590 | _aniveau_biblio:m niveau_hierar:0 | ||
| 100 | 1 | _aRabuffetti, Hebe T. | |
| 999 |
_c1250 _d1250 |
||